Neymar Prawda czy Fałsz - Statystyki

Ogólne statystyki
  • Ten quiz został rozwiązany 134 razy
  • Średni wynik to 11 z 15
Statystyki odpowiedzi
Zagadnienie Odpowiedź % Poprawnych
Neymar zdobył jedną złotą piłkę Fałsz
91%
Neymar posiada rodzeństwo Prawda
91%
Neymar ma skina w Fortnite Prawda
89%
Neymar nie wygrał ligi mistrzów Fałsz
86%
Neymar jest Mistrzem Świata Fałsz
86%
Ma 1,75 wzrostu Prawda
83%
Neymar miał w Brazylii więciej niż jeden klub Fałsz
77%
Neymar do dziś jest najdrożej sprzedanym zawodnikiem w historii Prawda
77%
Neymar w 20 urodziny zdobył 100 bramkę w karierze Prawda
71%
Neymar został ojcem w wieku 19 lat Prawda
71%
Neymar urodził się 24 Czerwca 1992 roku Fałsz
69%
Neymar urodził się w Sao Paulo Prawda
66%
Neymar jest lewonożny Fałsz
57%
Neymar zadebiutował w Barcelonie na stadionie w Gdańśku Prawda
43%
Neymar ma 33 w 2024 roku Fałsz
23%
Nie znaleziono quizów pasujących do podanych kryteriów
Rozkład punktacji
Procent ludzi z każdym wynikiem
Percentyl według liczby udzielonych odpowiedzi
Twoja historia wyników
Nie rozwiązałeś tego quizu